LEADER 03063nam 2200289z- 450 001 9910794624603321 005 20210112160932.0 035 $a(CKB)4110000000007741 035 $a(MiAaPQ)EBC5371677 035 $a(BIP)063819681 035 $a(EXLCZ)994110000000007741 100 $a20180827c2018uuuu -u- - 101 0 $aeng 200 10$aJavaScript and JSON Essentials 210 $cPackt Publishing 215 $a1 online resource (226 p.) 311 $a1-78862-470-X 330 8 $aUse JSON for building web applications with technologies like HTML, JavaScript, Angular, Node.js, Hapi.js, Kafka, socket.io, MongoDB, Gulp.js, and handlebar.js, and others formats like GEOJSON, JSON-LD, MessagePack, and BSON.Key FeaturesUse JSON with trending technologies like Angular, Hapi.js, MongoDB, Kafka, and Socket.ioDebug, validate, and format JSON using developer toolkits, JSONLint, and JSON Editor OnlineExplore other JSON formats like GeoJSON, JSON-LD, BSON, and MessagePackBook DescriptionJSON is an established and standard format used to exchange data. This book shows how JSON plays different roles in full web development through examples. By the end of this book, you'll have a new perspective on providing solutions for your applications and handling their complexities.After establishing a strong basic foundation with JSON, you'll learn to build frontend apps by creating a carousel. Next, you'll learn to implement JSON with Angular 5, Node.js, template embedding, and composer.json in PHP. This book will also help you implement Hapi.js (known for its JSON-configurable architecture) for server-side scripting.You'll learn to implement JSON for real-time apps using Kafka, as well as how to implement JSON for a task runner, and for MongoDB BSON storage. The book ends with some case studies on JSON formats to help you sharpen your creativity by exploring futuristic JSON implementations. By the end of the book, you'll be up and running with all the essential features of JSON and JavaScript and able to build fast, scalable, and efficient web applications.What you will learnUse JSON to store metadata for dependency managers, package managers, configuration managers, and metadata storesHandle asynchronous behavior in applications using callbacks, promises, generators, and async-await functionsUse JSON for Angular 5, Node.js, Gulp.js, and Hapi.jsImplement JSON as BSON in MongoDBMake use of JSON in developing automation scriptsImplement JSON for realtime using socket.io and distributed systems using KafkaWho this book is forIf you're a web developer with a basic understanding of JavaScript and want to write JSON data, integrate it with RESTful APIs to create faster and scalable applications, this book is for you. 610 $aJavascript (computer program language) 610 $aWeb site development 610 $aComputers 700 $aD'mello$b Bruno Joseph$01551518 702 $aSriparasa$b Sai Srinivas 906 $aBOOK 912 $a9910794624603321 996 $aJavaScript and JSON Essentials$93811071 997 $aUNINA LEADER 01655nam 2200421z- 450 001 9910346941503321 005 20210212 010 $a1000006402 035 $a(CKB)4920000000101107 035 $a(oapen)https://directory.doabooks.org/handle/20.500.12854/57090 035 $a(oapen)doab57090 035 $a(EXLCZ)994920000000101107 100 $a20202102d2007 |y 0 101 0 $aeng 135 $aurmn|---annan 181 $ctxt$2rdacontent 182 $cc$2rdamedia 183 $acr$2rdacarrier 200 00$aProduct lines for digital information products 210 $cKIT Scientific Publishing$d2007 215 $a1 online resource (XIV, 220 p. p.) 311 08$a3-86644-133-9 330 $aDigital information products are an important class of widely used digital products, whose core benefit is the delivery of information or education (e.g., electronic books, online newspapers, e-learning courses).This book introduces a novel and systematic approach, Product Lines for Digital Information Products (PLANT), which focuses on the creation of variants of such products within a product line, and which extends concepts from the area of software product lines. 610 $acontent 610 $adevelopment 610 $adigital goods 610 $aeconomics 610 $ainformation goods 610 $amodeling 610 $aPetri nets 610 $aPLANT 610 $asoftware product lines 610 $aworkflow management 700 $aPankratius$b Victor$4auth$0946538 906 $aBOOK 912 $a9910346941503321 996 $aProduct lines for digital information products$93022911 997 $aUNINA